| 000 -LEADER |
| fixed length control field |
02894cam a22003614a 4500 |
| 020 ## - INTERNATIONAL STANDARD BOOK NUMBER |
| ISBN |
9780821378601 |
| 040 ## - CATALOGING SOURCE |
| Transcribing agency |
NW |
| 082 ## - DEWEY DECIMAL CLASSIFICATION NUMBER |
| Classification number |
338 THE 2009 A018 Or. |
| 110 2# - MAIN ENTRY--CORPORATE NAME |
| Corporate name or jurisdiction name as entry element |
World Bank. |
| 245 10 - TITLE STATEMENT |
| Title |
Global Monitoring Report 2009 |
| Remainder of title |
A Development Emergency. |
| 260 ## - PUBLICATION, DISTRIBUTION, ETC. (IMPRINT) |
| Place of publication |
Washington, D.C. : |
| Name of publisher |
The World Bank, |
| Year of publication |
2009. |
| 300 ## - PHYSICAL DESCRIPTION |
| Number of Pages |
1 online resource (219 p.) |
| 490 1# - SERIES STATEMENT |
| Series statement |
Global Monitoring Report |
| 520 3# - SUMMARY, ETC. |
| Summary, etc |
A Development Emergency: the title of this year's Global Monitoring Report, the sixth in an annual series, could not be more apt. The global economic crisis, the most severe since the Great Depression, is rapidly turning into a human and development crisis. No region is immune. The poor countries are especially vulnerable, as they have the least cushion to withstand events. The crisis, coming on the heels of the food and fuel crises, poses serious threats to their hard-won gains in boosting economic growth and reducing poverty. It is pushing millions back into poverty and putting at risk the very survival of many. The prospect of reaching the Millennium Development Goals (MDGs) by 2015, already a cause for serious concern, now looks even more distant. A global crisis must be met with a global response. The crisis began in the financial markets of developed countries, so the first order of business must be to stabilize these markets and counter the recession that the financial turmoil has triggered. At the same time, strong and urgent actions are needed to counter the impact of the crisis on developing countries and help them restore strong growth while protecting the poor. Global Monitoring Report 2009, prepared jointly by the staff of the World Bank and the International Monetary Fund, provides a development perspective on the global economic crisis. It assesses the impact on developing countries, their growth, poverty reduction, and other MDGs. And it sets out priorities for policy response, both by developing countries themselves and by the international community. This report also focuses on the ways in which the private sector can be better mobilized in support of development goals, especially in the aftermath of the crisis. |
| 650 #4 - SUBJECT ADDED ENTRY--TOPICAL TERM |
| Topical Term |
Access to Finance. |
| 650 #4 - SUBJECT ADDED ENTRY--TOPICAL TERM |
| Topical Term |
Debt Markets. |
| 650 #4 - SUBJECT ADDED ENTRY--TOPICAL TERM |
| Topical Term |
Economic Theory and Research. |
| 650 #4 - SUBJECT ADDED ENTRY--TOPICAL TERM |
| Topical Term |
Emerging Markets. |
| 650 #4 - SUBJECT ADDED ENTRY--TOPICAL TERM |
| Topical Term |
Finance and Financial Sector Development. |
| 650 #4 - SUBJECT ADDED ENTRY--TOPICAL TERM |
| Topical Term |
Health and Nutrition. |
| 650 #4 - SUBJECT ADDED ENTRY--TOPICAL TERM |
| Topical Term |
Health Systems Development and Reform. |
| 650 #4 - SUBJECT ADDED ENTRY--TOPICAL TERM |
| Topical Term |
Macroeconomics and Economic Growth. |
| 650 #4 - SUBJECT ADDED ENTRY--TOPICAL TERM |
| Topical Term |
Population. |
| 650 #4 - SUBJECT ADDED ENTRY--TOPICAL TERM |
| Topical Term |
Population Policies. |
| 650 #4 - SUBJECT ADDED ENTRY--TOPICAL TERM |
| Topical Term |
Poverty Reduction. |
| 650 #4 - SUBJECT ADDED ENTRY--TOPICAL TERM |
| Topical Term |
Private Sector Development. |
| 650 #4 - SUBJECT ADDED ENTRY--TOPICAL TERM |
| Topical Term |
Pro-Poor Growth. |
| 650 #4 - SUBJECT ADDED ENTRY--TOPICAL TERM |
| Topical Term |
Regional Economic Development. |
| 650 #4 - SUBJECT ADDED ENTRY--TOPICAL TERM |
| Topical Term |
Rural Poverty Reduction. |
| 710 2# - ADDED ENTRY--CORPORATE NAME |
| Corporate name or jurisdiction name as entry element |
World Bank. |
| 856 40 - ELECTRONIC LOCATION AND ACCESS |
| Uniform Resource Identifier |
http://elibrary.worldbank.org/content/book/9780821378595 |
| 942 ## - ADDED ENTRY ELEMENTS (KOHA) |
| Koha item type |
សៀវភៅភាសាអង់គ្លេស |
| 952 ## - LOCATION AND ITEM INFORMATION (KOHA) |
| Withdrawn status [LOCAL, KOHA] |
0 |